Spišiaci medzi prvými na Slovensku

Bibliographic Details
Main Author: Sviteková, Angela (Author)
Format: Article
Language:Slovak
PhysicalDescription:Fotogr.
Subjects:

MARC

LEADER 00000nab a2200000 ar4500
001 vtls008427433
003 SK-MaSNL
005 20260303065955.0
008 060201c2004 xo mr|p|||||||000 b|slo
038 |a SNSK 
040 |b slo  |c SNSK  |e AACR2 
041 0 |a slo 
044 |a xo  |c SK 
080 |a 628.4.032  |2 UDC-MRF-SK2 
100 1 |a Sviteková, Angela  |4 aut  |9 841455 
245 1 0 |a Spišiaci medzi prvými na Slovensku  |c Angela Sviteková 
300 |b Fotogr. 
650 0 7 |a skládky komunálneho odpadu  |2 snsk  |9 1020000 
651 7 |a Kúdelník I. (Spišská Nová Ves, Slovensko)  |2 snsk  |9 1021864 
651 7 |a Kúdelník II. (Spišská Nová Ves, Slovensko)  |2 snsk  |9 1021874 
651 7 |a Spišská Nová Ves (Slovensko)  |2 snsk  |9 28800 
773 0 |t Spišské hlasy  |g Roč. V., č. 12 (2004), s. 10. 
852 |a SNSK  |b KIS3GCP 
999 |c 1753483  |d 1755413